Bioinformatics for immunomics / (Record no. 329662)

000 -LEADER
fixed length control field 01522cam a22004214a 4500
001 - CONTROL NUMBER
control field 15705030
003 - CONTROL NUMBER IDENTIFIER
control field ASAB
005 - DATE AND TIME OF LATEST TRANSACTION
control field 20170517120956.0
008 - FIXED-LENGTH DATA ELEMENTS--GENERAL INFORMATION
fixed length control field 090419s2010 nyua b 001 0 eng c
010 ## - LIBRARY OF CONGRESS CONTROL NUMBER
LC control number 2009927086
016 7# - NATIONAL BIBLIOGRAPHIC AGENCY CONTROL NUMBER
Record control number 101530304
Source DNLM
020 ## - INTERNATIONAL STANDARD BOOK NUMBER
International Standard Book Number 9781441905390 (alk. paper)
020 ## - INTERNATIONAL STANDARD BOOK NUMBER
International Standard Book Number 1441905391 (alk. paper)
020 ## - INTERNATIONAL STANDARD BOOK NUMBER
International Standard Book Number 9781441905406 (eISBN)
020 ## - INTERNATIONAL STANDARD BOOK NUMBER
International Standard Book Number 1441905405 (eISBN)
035 ## - SYSTEM CONTROL NUMBER
System control number (OCoLC)ocn642278109
040 ## - CATALOGING SOURCE
Transcribing agency ASAB
042 ## - AUTHENTICATION CODE
Authentication code pcc
050 00 - LIBRARY OF CONGRESS CALL NUMBER
Classification number QR182.2.I46
Item number B56 2010
060 00 - NATIONAL LIBRARY OF MEDICINE CALL NUMBER
Classification number 2010 E-345
060 10 - NATIONAL LIBRARY OF MEDICINE CALL NUMBER
Classification number QW 26.5
Item number B615 2010
082 00 - DEWEY DECIMAL CLASSIFICATION NUMBER
Classification number 616.07/90285
Edition number 23
245 00 - TITLE STATEMENT
Title Bioinformatics for immunomics /
Statement of responsibility, etc. Darren R. Flower, Matthew N. Davies, Shoba Ranganathan, editors.
260 ## - PUBLICATION, DISTRIBUTION, ETC.
Place of publication, distribution, etc. New York :
Name of publisher, distributor, etc. Springer,
Date of publication, distribution, etc. c2010.
300 ## - PHYSICAL DESCRIPTION
Extent xvi, 192 p. ;
Other physical details ill. ;
Dimensions 24 cm.
490 1# - SERIES STATEMENT
Series statement Immunomics reviews ;
Volume/sequential designation v. 3
504 ## - BIBLIOGRAPHY, ETC. NOTE
Bibliography, etc. note Includes bibliographical references and index.
650 #0 - SUBJECT ADDED ENTRY--TOPICAL TERM
Topical term or geographic name entry element Immunoinformatics.
9 (RLIN) 956
650 12 - SUBJECT ADDED ENTRY--TOPICAL TERM
Topical term or geographic name entry element Computational Biology.
9 (RLIN) 957
650 12 - SUBJECT ADDED ENTRY--TOPICAL TERM
Topical term or geographic name entry element Immune System.
9 (RLIN) 958
650 22 - SUBJECT ADDED ENTRY--TOPICAL TERM
Topical term or geographic name entry element Genomics.
9 (RLIN) 959
650 22 - SUBJECT ADDED ENTRY--TOPICAL TERM
Topical term or geographic name entry element Models, Immunological.
9 (RLIN) 960
700 1# - ADDED ENTRY--PERSONAL NAME
Personal name Flower, Darren R.
9 (RLIN) 961
700 1# - ADDED ENTRY--PERSONAL NAME
Personal name Davies, Matthew N.
9 (RLIN) 962
700 1# - ADDED ENTRY--PERSONAL NAME
Personal name Ranganathan, Shoba.
9 (RLIN) 963
830 #0 - SERIES ADDED ENTRY--UNIFORM TITLE
Uniform title Immunomics reviews ;
Volume/sequential designation v. 3.
9 (RLIN) 964
906 ## - LOCAL DATA ELEMENT F, LDF (RLIN)
a 7
b cbc
c pccadap
d 2
e ncip
f 20
g y-gencatlg
942 ## - ADDED ENTRY ELEMENTS (KOHA)
Source of classification or shelving scheme
Koha item type Book
Holdings
Withdrawn status Lost status Source of classification or shelving scheme Damaged status Not for loan Collection code Permanent Location Current Location Date acquired Total Checkouts Full call number Barcode Date last seen Price effective from Koha item type
            Atta-ur-Rahman School of Applied Biosciences (ASAB) Atta-ur-Rahman School of Applied Biosciences (ASAB) 05/17/2017   616.079 FLO ASAB3399 05/17/2017 05/17/2017 Book
© 2023 Central Library, National University of Sciences and Technology. All Rights Reserved.